00784nam a2200181 a 450000100100000000500170001000800410002702000150006804000250008324501470010826000620025530000210031749000430033871000490038183000500043095201050048099900170058500004197320201002035848.0131018s2003 xxua 000 0 spa d a840008179X aDO-SdBNPbspacBNPHU00aRepertorio de arquitectura cristiana en Extremadura :bépoca tardoantigua y altomedieval /cP. Mateos Cruz y L. Caballero Zoreda (editores). aMérida :bInstituto de Arquelogía de Mérida,c2003. a344 p. ;c29 cm.1 aAnejos de archivo de arqueologíav292 aInstituto de Arquelogía de Mérida968906 0aAnejos de archivo de arqueologíav29968727 001050718MOaGRbGRcCTd2013-10-28iLF1l0o p41973-10r2020-06-25w2020-06-25y1ZNo se presta c41462d41462